[Event "AUTO-BEG-400"]
[Site "http://www.queenalice.com/game.php?id=784224"]
[Date "2010.6.1"]
[Round "1"]
[White "sebrobin"]
[Black "Severynnas"]
[Result "1-0"]
[WhiteElo "1393"]
[BlackElo "1216"]

1. e4 Nf6 2. e5 d5 3. exf6 exf6 4. Nf3 Be7 5. d4 O-O 6. Be2 Bb4+ 7. c3 Ba5 8.
O-O Bg4 9. Bf4 Nc6 10. b4 Ne7 11. bxa5 b5 12. axb6 cxb6 13. h3 a5 14. hxg4 b5
15. Bxb5 g6 16. Bh6 Rc8 17. a4 g5 18. Qc1 Nc6 19. Re1 f5 20. Ne5 Re8 21. Nxc6
Qd7 22. Qxg5+ Kh8 23. Qg7# 1-0

[Event "AUTO-BEG-400"]
[Site "http://www.queenalice.com/game.php?id=784233"]
[Date "2010.6.1"]
[Round "1"]
[White "sebrobin"]
[Black "saida"]
[Result "1-0"]
[WhiteElo "1344"]
[BlackElo "1141"]

1. e4 c5 2. Nc3 e5 3. Bc4 Nf6 4. d3 Be7 5. f4 exf4 6. e5 Ng8 7. Bxf4 d6 8. Nf3
Be6 9. Bxe6 fxe6 10. exd6 Bxd6 11. Bxd6 Qxd6 12. Ne4 Qb6 13. O-O Nc6 14. Nd6+
Ke7 15. Nc4 Qc7 16. Ng5 Nh6 17. Qh5 Raf8 18. Rxf8 Rxf8 19. Re1 Nd4 20. c3 Ne2+
21. Rxe2 Rf1+ 22. Kxf1 1-0

[Event "AUTO-BEG-400"]
[Site "http://www.queenalice.com/game.php?id=784234"]
[Date "2010.6.1"]
[Round "1"]
[White "saida"]
[Black "sebrobin"]
[Result "0-1"]
[WhiteElo "1160"]
[BlackElo "1468"]

1. d4 d6 2. e4 Nf6 3. Nc3 g6 4. f4 Bg7 5. Bc4 O-O 6. Be3 Nc6 7. Nf3 Ng4 8. Bf2
Nxf2 9. Qe2 Ng4 10. d5 Nb8 11. h3 Nh6 12. Qd3 e5 13. fxe5 dxe5 14. O-O-O Nd7 15.
d6 c6 16. g4 Kh8 17. Rhg1 b5 18. Bb3 Nc5 19. Qd2 a5 20. a3 Nxb3+ 21. cxb3 Be6
22. Qc2 Qb6 23. Kb1 Rfd8 24. Ng5 Bd7 25. Rgf1 f6 26. Nf3 Nf7 0-1

[Event "Challenge"]
[Site "http://www.queenalice.com/game.php?id=786992"]
[Date "2010.6.7"]
[Round "-"]
[White "andres_98"]
[Black "sebrobin"]
[Result "0-1"]
[WhiteElo "1345"]
[BlackElo "1588"]

1. e3 g6 2. Qf3 Bg7 3. Bc4 Nf6 4. Qf4 O-O 5. Qh4 d5 6. Bd3 c5 7. b3 Nc6 8. Bb2
Nb4 9. Nh3 h6 10. Be2 Nxc2+ 11. Kf1 Ne4 12. Bc1 Nxa1 13. d3 g5 14. Qh5 Nf6 15.
Qf3 g4 16. Qf4 gxh3 17. Qf5 Bxf5 18. gxh3 Qa5 19. Rg1 Bxh3+ 20. Rg2 Nxb3 21. Bb2
Qxa2 22. Bc3 Qxb1+ 23. Be1 Nd2+ 24. Kg1 Qxe1+ 25. Bf1 Qxf1# 0-1

[Event "UNIFORM II"]
[Site "http://www.queenalice.com/game.php?id=789390"]
[Date "2010.6.13"]
[Round "-"]
[White "rogeriooliveira"]
[Black "sebrobin"]
[Result "0-1"]
[WhiteElo "1441"]
[BlackElo "1481"]

1. e4 c6 2. d4 d5 3. e5 Bf5 4. Bd3 Bg6 5. Bxg6 hxg6 6. Nf3 e6 7. O-O Nd7 8. Bg5
Qb6 9. b3 c5 10. dxc5 Bxc5 11. Be3 Bxe3 12. fxe3 Qxe3+ 13. Rf2 Nxe5 14. Nxe5
Qxe5 15. Nd2 Qxh2+ 16. Kf1 Qe5 17. Rc1 Rh1# 0-1

[Event "VICTOR VIII"]
[Site "http://www.queenalice.com/game.php?id=790644"]
[Date "2010.6.16"]
[Round "-"]
[White "rogeriooliveira"]
[Black "sebrobin"]
[Result "0-1"]
[WhiteElo "1441"]
[BlackElo "1560"]

1. e4 c6 2. d4 d5 3. e5 Bf5 4. Bd3 Bg6 5. Bxg6 hxg6 6. Nf3 e6 7. O-O Nd7 8. Nc3
Ne7 9. Bg5 Qc7 10. Bxe7 Bxe7 11. Nd2 g5 12. Qf3 a6 13. Qg4 O-O-O 14. Rae1 Rh4
15. Qd1 Rxd4 16. Re2 Rh8 17. Ncb1 Nxe5 18. Qe1 Ng4 19. f3 Qxh2# 0-1

[Event "Agresywna"]
[Site "http://www.queenalice.com/game.php?id=791189"]
[Date "2010.6.16"]
[Round "-"]
[White "sebrobin"]
[Black "Gadou"]
[Result "1-0"]
[WhiteElo "1526"]
[BlackElo "1437"]

1. e4 e5 2. Nf3 Qf6 3. Nc3 Bc5 4. Nd5 Qc6 5. Nxe5 Qa4 6. Qf3 Na6 7. Bxa6 bxa6 8.
Nxc7+ Ke7 9. Nd5+ Ke6 10. Nxf7 Nh6 11. Qh3+ Kxf7 12. Qh5+ Ke6 13. d3 Qxc2 14.
O-O Rf8 15. Qh3+ Kd6 16. Qg3+ Kc6 17. Qc7+ Kb5 18. a4+ Qxa4 19. Nc3+ Kb4 20.
Rxa4+ Kb3 21. Qxc5 d6 22. Qc4+ Kc2 23. Ne2+ 1-0

[Event "1580 game1"]
[Site "http://www.queenalice.com/game.php?id=799321"]
[Date "2010.7.5"]
[Round "-"]
[White "sebrobin"]
[Black "limonajar"]
[Result "1-0"]
[WhiteElo "1631"]
[BlackElo "1635"]

1. d4 d5 2. Nf3 Nf6 3. Bf4 Nc6 4. Nc3 g6 5. Nb5 e5 6. dxe5 Ng4 7. e6 Bc5 8. e3
Bd6 9. Nxd6+ cxd6 10. exf7+ Kxf7 11. Qxd5+ Be6 12. Qxd6 Qxd6 13. Bxd6 Rhd8 14.
Bg3 Nb4 15. Ng5+ Ke7 16. Bd3 Rxd3 17. cxd3 Nxd3+ 18. Ke2 Nc5 19. Nxe6 Kxe6 20.
Rhd1 Ne4 21. Rac1 Nexf2 22. Rd6+ 1-0

[Event "1580 game2"]
[Site "http://www.queenalice.com/game.php?id=799323"]
[Date "2010.7.5"]
[Round "-"]
[White "sebrobin"]
[Black "Attia"]
[Result "1-0"]
[WhiteElo "1603"]
[BlackElo "1577"]

1. d4 d5 2. Bf4 e6 3. Nf3 Nf6 4. e3 Bb4+ 5. c3 Be7 6. Bd3 O-O 7. Ng5 Nc6 8. Nd2
Bd7 9. Be5 h6 10. h4 hxg5 11. hxg5 Ne4 12. Qh5 f6 13. g6 Rf7 14. Qh8# 1-0

[Event "1580 game3"]
[Site "http://www.queenalice.com/game.php?id=799325"]
[Date "2010.7.5"]
[Round "-"]
[White "sebrobin"]
[Black "PROFALEXANDRE"]
[Result "1-0"]
[WhiteElo "1763"]
[BlackElo "1536"]

1. d4 d5 2. Nf3 h6 3. Bf4 Nf6 4. h3 Nc6 5. e3 a6 6. c4 e6 7. a3 Na5 8. Qa4+ Nc6
9. Ne5 Bd7 10. Nxd7 Qxd7 11. Nc3 Be7 12. cxd5 exd5 13. Bb5 O-O 14. Bxc6 bxc6 15.
O-O Nh5 16. Bh2 Bd6 17. Bxd6 Qxd6 18. Rac1 Ra7 19. Nd1 Rb8 20. Rxc6 Qd8 21. Rxa6
Rab7 22. b4 Nf6 23. Nc3 Rb6 24. Rxb6 cxb6 25. Qb5 Ra8 26. Na4 Nd7 27. Rc1 Nb8
28. Nxb6 Na6 29. Nxa8 Qxa8 30. Rc6 Nxb4 31. axb4 Qd8 32. Rc5 Qa8 33. Qa5 Qb7 34.
Rxd5 Qc6 35. Rd8+ Kh7 36. Qf5+ Qg6 37. Qxg6+ Kxg6 38. b5 Kf6 39. b6 Ke7 40. Rd5
Ke6 41. e4 g6 42. g4 h5 43. Re5+ Kd6 44. b7 Kc7 45. Re7+ Kb8 46. g5 h4 47. Rxf7
Ka7 48. f4 Kb8 49. d5 Ka7 50. d6 Kb8 51. Rc7 Ka7 52. e5 Kb8 53. e6 Ka7 54. e7
Kb8 55. e8=B Ka7 56. Bxg6 Kb8 57. f5 Ka7 58. Kf1 Kb8 59. f6 Ka7 60. Be4 Kb8 61.
Ke1 Ka7 62. f7 Kb8 63. Bg2 Ka7 64. Rc1 Kb8 65. d7 Ka7 66. d8=Q Ka6 67. b8=B Kb5
68. f8=N Kb4 69. g6 Kb3 70. Bf4 Kb2 71. g7 Kb3 72. g8=N Kb2 73. Ng6 Ka2 74. Nf6
Kb2 75. Ne4 Kb3 76. Nc3 Kb2 77. Nxh4 Kb3 78. Nf3 Kb2 79. h4 Kb3 80. h5 1-0

[Event "1580 game a"]
[Site "http://www.queenalice.com/game.php?id=799327"]
[Date "2010.7.5"]
[Round "-"]
[White "limonajar"]
[Black "sebrobin"]
[Result "0-1"]
[WhiteElo "1635"]
[BlackElo "1680"]

1. e4 c6 2. d4 d5 3. exd5 cxd5 4. Nc3 Bf5 5. Nf3 e6 6. Bb5+ Nc6 7. Ne5 Ne7 8.
Bf4 a6 9. Ba4 b5 10. Bb3 Qb6 11. O-O Nxe5 12. Bxe5 Nc6 13. Ne2 Rc8 14. c3 b4 15.
c4 dxc4 16. Bxc4 Nxe5 17. dxe5 Rxc4 18. Ng3 Bg6 19. Rc1 Rxc1 20. Qxc1 Bc5 21.
Qf4 O-O 22. Ne4 Bxe4 23. Qxe4 Rd8 24. Qc2 g6 25. g4 Rd4 26. h3 Rd5 27. Re1 Bd4
28. Kg2 Qc5 0-1

[Event "1580 game b"]
[Site "http://www.queenalice.com/game.php?id=799329"]
[Date "2010.7.5"]
[Round "-"]
[White "Attia"]
[Black "sebrobin"]
[Result "0-1"]
[WhiteElo "1591"]
[BlackElo "1701"]

1. e4 c6 2. Nf3 d5 3. e5 Bf5 4. Bd3 Bxd3 5. cxd3 d4 6. b3 e6 7. Bb2 Bc5 8. O-O
Ne7 9. Ba3 Bb6 10. Bxe7 Qxe7 11. a4 Nd7 12. Na3 Bc7 13. Nc4 Qc5 14. Rc1 Qd5 15.
Re1 O-O 16. Qe2 Nc5 17. Rb1 b5 18. axb5 cxb5 19. Nd6 Bxd6 20. h3 Bc7 21. Rbc1
Bb6 22. b4 Na6 23. Rb1 Rac8 24. Ng5 Bd8 25. Qh5 Bxg5 26. Qxg5 f6 27. Qh5 Rf7 28.
Re4 g6 29. Qh6 fxe5 30. Qg5 Rf5 31. Qe7 Rc7 32. Qh4 Rcf7 33. Qh6 Rh5 0-1

[Event "1580 game c"]
[Site "http://www.queenalice.com/game.php?id=799331"]
[Date "2010.7.5"]
[Round "-"]
[White "PROFALEXANDRE"]
[Black "sebrobin"]
[Result "0-1"]
[WhiteElo "1579"]
[BlackElo "1660"]

1. e4 d5 2. exd5 Nf6 3. Nc3 Nxd5 4. Qf3 c6 5. Nxd5 cxd5 6. Bb5+ Nc6 7. Bxc6+
bxc6 8. Ne2 e5 9. d4 e4 10. Qe3 Bd6 11. a4 O-O 12. Bd2 a5 13. Qc3 Qc7 14. O-O-O
Ba6 15. Ng1 Rfb8 16. b3 c5 17. dxc5 Be5 18. Qe3 Bd3 19. cxd3 d4 20. Qxe4 Qxc5+
21. Kb2 Rxb3+ 22. Kxb3 Rb8+ 23. Bb4 Rxb4+ 24. Ka3 Qc3+ 25. Ka2 Qb2# 0-1

[Event "Challenge"]
[Site "http://www.queenalice.com/game.php?id=812907"]
[Date "2010.8.4"]
[Round "-"]
[White "montelo"]
[Black "sebrobin"]
[Result "0-1"]
[WhiteElo "2135"]
[BlackElo "1717"]

1. e4 c6 2. Nc3 d5 3. e5 Bf5 4. d4 e6 5. Nf3 Nd7 6. g3 Bb4 7. Bd2 f6 8. Nh4 fxe5
9. dxe5 Ne7 10. f4 Qb6 11. Na4 Qe3+ 12. Be2 Bxd2+ 13. Qxd2 Qe4 14. O-O-O Qxa4
15. a3 Be4 16. Bf3 Nc5 17. Rhe1 Bxf3 18. Nxf3 Ne4 19. Qe3 Nf5 20. Qb3 Qxb3 21.
cxb3 c5 22. Kb1 O-O 23. Ng5 Nxg5 24. fxg5 Nd4 25. b4 Nf3 26. Re2 cxb4 27. axb4
Nxg5 28. h4 Ne4 29. g4 Rac8 30. Ka2 Rc4 31. Kb3 Nf2 32. Rg1 Rf3+ 33. Ka4 Nd3 34.
Ka5 Nxb4 35. Ra1 Nc6+ 36. Kb5 Rb3# 0-1

[Event "Challenge"]
[Site "http://www.queenalice.com/game.php?id=812908"]
[Date "2010.8.4"]
[Round "-"]
[White "sebrobin"]
[Black "montelo"]
[Result "1-0"]
[WhiteElo "1660"]
[BlackElo "2132"]

1. e4 e5 2. Nf3 Nf6 3. d4 Nxe4 4. Bd3 Nd6 5. dxe5 Qe7 6. O-O Ne4 7. Bxe4 d6 8.
exd6 cxd6 9. Nc3 Qf6 10. Re1 Be7 11. Nd5 1-0

[Event "Challenge"]
[Site "http://www.queenalice.com/game.php?id=820739"]
[Date "2010.8.20"]
[Round "-"]
[White "leoreis"]
[Black "sebrobin"]
[Result "0-1"]
[WhiteElo "1784"]
[BlackElo "1759"]

1. d4 d6 2. e4 Nf6 3. Nc3 g6 4. Nf3 Bg7 5. e5 dxe5 6. dxe5 Qxd1+ 7. Nxd1 Ng4 8.
Bf4 Nc6 9. Bb5 Bd7 10. e6 Bxe6 11. Bxc6+ bxc6 12. Bxc7 Rc8 13. Ba5 Rb8 14. c3
Bd5 15. O-O Bxf3 16. gxf3 Ne5 17. Kg2 Rb7 18. Rb1 Nc4 19. Bb4 a5 20. Bc5 Nd2 21.
Ne3 Nxf1 22. Kxf1 Bxc3 23. b3 a4 24. b4 O-O 25. a3 Rd7 26. Nc4 Bf6 27. Nb6 Rd3
28. Kg2 Rxa3 29. Nd7 Ra8 30. Nxf6+ exf6 31. Be7 Rb3 32. Rc1 a3 33. Bxf6 a2 34.
Rxc6 Rxb4 35. Ba1 Rb1 36. Bf6 a1=Q 37. Bxa1 Rbxa1 38. Rc3 R8a4 39. Rc2 Kg7 40.
h3 Rf4 41. Kg3 Rf6 42. Kg2 Ra3 0-1

[Event "Challenge"]
[Site "http://www.queenalice.com/game.php?id=820743"]
[Date "2010.8.20"]
[Round "-"]
[White "leoreis"]
[Black "sebrobin"]
[Result "0-1"]
[WhiteElo "1784"]
[BlackElo "1737"]

1. Nc3 d6 2. d4 f5 3. e4 fxe4 4. Nxe4 Nf6 5. Nxf6+ exf6 6. Be2 Be7 7. Nf3 O-O 8.
O-O Re8 9. d5 Nd7 10. c4 Nb6 11. b3 c6 12. dxc6 bxc6 13. Nd4 Bd7 14. Bh5 g6 15.
Bf3 d5 16. cxd5 cxd5 17. Bf4 Rc8 18. Nc2 Bf5 19. Nd4 Bd7 20. Re1 Bb4 21. Rxe8+
Qxe8 22. Nc2 Bc3 23. Rc1 Bb2 24. Rb1 Be5 25. Bxe5 Qxe5 26. Nb4 d4 27. Nc2 Bf5
28. Rc1 Rxc2 29. Rxc2 Bxc2 30. Qd2 d3 31. g3 Qa1+ 32. Kg2 Qxa2 33. Qc3 Bxb3 34.
Qxf6 Bd5 35. Qd8+ Kf7 36. Qc7+ Ke6 37. Qxh7 Bxf3+ 38. Kxf3 Qd5+ 0-1

[Event "Challenge"]
[Site "http://www.queenalice.com/game.php?id=824429"]
[Date "2010.8.28"]
[Round "-"]
[White "sebrobin"]
[Black "Ramoalid_liempten"]
[Result "1/2-1/2"]
[WhiteElo "1771"]
[BlackElo "2046"]

1. e4 c6 2. d4 d5 3. e5 Bf5 4. h4 f6 5. g4 Be6 6. f4 fxe5 7. fxe5 Nh6 8. Be2 c5
9. dxc5 Nc6 10. Na3 Nxe5 11. Bxh6 gxh6 12. Nf3 Nxf3+ 13. Bxf3 Qa5+ 14. c3 Qxc5
15. Qd3 a6 16. O-O-O O-O-O 17. Qe2 Rd6 18. Rhe1 Bg7 19. Nc4 Qxc4 20. Qxc4+ dxc4
21. Rxd6 exd6 22. Rxe6 Kd7 23. Re1 b5 24. Bb7 Bf6 25. Bxa6 Kc6 26. a4 bxa4 27.
Bxc4 Bxh4 28. Re6 Bg5+ 29. Kc2 Rf8 30. Bd3 Rf2+ 31. Kb1 Rf4 32. Re4 d5 33. Rxf4
Bxf4 34. Ka2 Bd6 35. Bxh7 Kb5 36. Bd3+ Ka5 37. Bf5 Be5 38. Bd7 Bd6 39. Be6 d4
40. cxd4 Be7 41. Kb1 Kb4 42. Kc2 Bd6 43. Bd5 a3 44. bxa3+ Kxa3 45. Kc3 Ka4 46.
Kc4 Ka5 47. Be4 Kb6 48. Kd5 Kc7 49. Ke6 Bb4 50. d5 Kd8 51. d6 Bd2 52. Kd5 Bc1
53. Bg6 Bg5 54. Ke6 Bf4 55. Be4 Bg5 56. Bc6 Bf4 57. Ba4 Bg5 58. Kf5 Be3 59. Kg6
Bg5 1/2-1/2

[Event "AUTO-BEG-400"]
[Site "http://www.queenalice.com/game.php?id=886651"]
[Date "2011.1.15"]
[Round "2"]
[White "Pater"]
[Black "sebrobin"]
[Result "1-0"]
[WhiteElo "2341"]
[BlackElo "1804"]

1. c4 Nf6 2. Nc3 c6 3. Nf3 d5 4. d4 e6 5. Bg5 h6 6. Bxf6 Qxf6 7. e3 Bd6 8. Bd3
b6 9. O-O Qd8 10. cxd5 exd5 11. e4 dxe4 12. Bxe4 O-O 13. Ne5 Re8 14. f4 Bb7 15.
Qb3 Re7 16. Bg6 Bxe5 17. fxe5 Kh8 18. Rxf7 Nd7 19. Raf1 c5 20. Bb1 Rxf7 21. Rxf7
Qg5 22. Qc2 Qe3+ 23. Rf2 Nf8 24. d5 Ba6 25. g3 g6 26. e6 b5 27. Qe4 Qxe4 28.
Nxe4 Bb7 29. e7 1-0

[Event "AUTO-BEG-400"]
[Site "http://www.queenalice.com/game.php?id=886655"]
[Date "2011.1.15"]
[Round "2"]
[White "sebrobin"]
[Black "hgvergueiro"]
[Result "1-0"]
[WhiteElo "1795"]
[BlackElo "1523"]

1. e4 Nc6 2. d4 Nf6 3. e5 Nd5 4. c4 Ndb4 5. a3 Na6 6. b4 Nab8 7. b5 Na5 8. Nf3
h6 9. Bd2 b6 10. Bd3 c6 11. Bxa5 bxa5 12. Nc3 a6 13. bxc6 dxc6 14. O-O Bg4 15.
d5 Qb6 16. Rb1 Qc5 17. Na4 Qxa3 18. Rb3 Qxa4 19. Rxb8+ 1-0

[Event "AUTO-BEG-400"]
[Site "http://www.queenalice.com/game.php?id=886656"]
[Date "2011.1.15"]
[Round "2"]
[White "hgvergueiro"]
[Black "sebrobin"]
[Result "0-1"]
[WhiteElo "1505"]
[BlackElo "1800"]

1. Nf3 d5 2. d4 Bf5 3. Nh4 Bd7 4. Nc3 e6 5. g3 c5 6. Be3 e5 7. Nxd5 cxd4 8. Bd2
Bc6 9. Nb4 Bxh1 10. f3 Bxb4 11. Bxb4 Nc6 12. Ba3 b5 13. b4 Nge7 14. Qd3 a5 15.
bxa5 Qxa5+ 16. Kf2 Qxa3 17. Kg1 Qxd3 18. cxd3 g5 19. Kxh1 gxh4 20. gxh4 b4 21.
Rc1 Rxa2 22. Rc5 Rg8 23. Rc1 b3 24. Bh3 b2 0-1